|
|
|
|
| LEADER |
00000cam a2200000 7i4500 |
| 001 |
0000066116 |
| 005 |
20160919.0 |
| 008 |
160919 |
| 020 |
|
|
|a 9789838477093
|
| 020 |
|
|
|a 9838477095
|
| 090 |
0 |
0 |
|a MOR
|b MAL
|
| 100 |
1 |
|
|a Mas Johan
|
| 245 |
0 |
0 |
|a Si monyet dengan pisau sakti
|c Mas Johan
|
| 260 |
|
|
|a Kuala Lumpur :
|b Buku Must Sdn. Bhd. ,
|c 2008
|
| 999 |
|
|
|a 0001063599
|b Book
|c Children Collection
|e Cawangan Taman Sri Lambak
|
| 999 |
|
|
|a 0001063600
|b Book
|c Children Collection
|e Cawangan Taman Sri Lambak
|
| 999 |
|
|
|a 0001063601
|b Book
|c Children Collection
|e Cawangan Taman Sri Lambak
|
| 999 |
|
|
|a 0001072108
|b Book
|c Children Collection
|e Cawangan Segamat
|
| 999 |
|
|
|a 0001072166
|b Book
|c Children Collection
|e Cawangan Segamat
|